[Event "RUS-chT Blitz Men 2018"]
[Site "Sochi"]
[Date "2018.10.10"]
[Round "1"]
[White "Timofeev, Artyom"]
[Black "Tekeyev, Zaur"]
[Result "1-0"]
[WhiteElo "2580"]
[BlackElo "2392"]
[Annotator "TA"]
[PlyCount "127"]
[EventDate "2018.10.10"]
[EventType "swiss"]
[EventCountry "RUS"]
[SourceTitle "playchess.com"]
[Source "ChessBase"]
[SourceQuality "1"]

{[%evp 11,127,0,0,0,7,8,9,0,20,10,18,13,15,0,0,0,0,0,13,12,18,0,0,0,16,0,35,26,42,35,90,39,42,42,39,4,32,0,39,16,20,17,408,8,8,-57,244,243,227,0,19,23,10,-97,-86,-75,-8,-14,56,0,0,0,6,15,50,54,152,86,151,137,136,148,186,186,168,89,204,16,21,-113,26,14,48,27,47,40,47,47,47,47,55,79,95,77,72,23,85,23,23,0,0,0,0,0,0,0,23,23,171,171,171,171,1294,929,970,202,1782,0]} 1. c4 e5 2. Nc3 Bb4 3. Nd5 Be7 4. d4 d6 5. e3 (5. e4 Nf6 6. Nxe7 Qxe7 7. f3 exd4 8. Qxd4 Nc6 9. Qc3 O-O 10. Be3 Nd7 11. O-O-O Nde5 12. Ne2 f5 13. exf5 Bxf5 {1-0 (37) Pantsulaia,L (2586)-Gretarsson,H (2567) Heraklio 2017}) 5... Nf6 6. Nxe7 {A21: English Opening: 1...e5 2 Nc3} Qxe7 {LiveBook: 9 Games} 7. Nf3 O-O 8. Be2 {The position is equal.} Bg4 9. h3 Bf5 $146 ({Predecessor:} 9... Bh5 10. O-O e4 11. Nd2 Bxe2 12. Qxe2 c6 {½-½ (44) Sarno,S (2400)-Benitah,Y (2350) Montecatini Terme 1997}) 10. O-O Nc6 11. b3 a5 12. Bb2 Rfe8 13. d5 Nb8 14. a3 c6 15. dxc6 Nxc6 16. Qc1 Rac8 17. Rd1 d5 18. Qd2 ({Don't play} 18. cxd5 Nd4 $17) 18... dxc4 19. Bxc4 Red8 20. Qe2 Ne4 (20... h6 $14) 21. Rac1 (21. Bd5 $16) 21... Be6 $14 22. Rxd8+ Rxd8 23. a4 f6 24. Ba3 Qf7 25. Qc2 Bxc4 26. bxc4 Qg6 $2 {[%mdl 8192]} (26... f5 $1 $11) 27. Qb3 $2 (27. Nh4 $18 Rd2 28. Nxg6 Rxc2 29. Rxc2 hxg6 30. Rb2) 27... Qf7 $1 $11 28. Qb6 (28. Qb1 $11 Nd2 29. Nxd2 Rxd2 30. Qb5) 28... Nd6 $2 {[%mdl 8192]} (28... Rd3 $15 {keeps the upper hand.} 29. Qb2 h6) 29. Rd1 $18 Qe7 30. Qc5 $2 (30. Rd2 $18) 30... Nc8 31. Rxd8+ Qxd8 32. Qd5+ (32. Qb5 $11) 32... Qxd5 $17 33. cxd5 {[%mdl 4096] Endgame KBN-KNN} Nb8 (33... Nb4 $17 34. Bxb4 axb4) 34. Nd2 $11 Nd7 (34... Nb6 $11) 35. e4 (35. Nc4 $14) 35... Ncb6 36. Nb3 Nxa4 37. Nxa5 b5 38. f3 Kf7 ({Black should play} 38... Ndc5 $14) 39. Nc6 (39. Nb7 $142 $1) 39... Nab6 (39... Ke8 $142) 40. Kf2 $16 Nc4 41. Bb4 g6 42. Ke2 f5 {[#] intending ...Nf6.} 43. Kd3 (43. Na7 $1 $18) 43... Kf6 (43... Nb2+ $16 {was necessary.} 44. Ke2 Na4) 44. Be7+ $2 (44. Na7 $18) 44... Kf7 $11 45. Bg5 (45. g4 $11) 45... Nd6 (45... fxe4+ $17 46. Ke2 exf3+ 47. Kxf3 Nc5) 46. Be3 Kf6 47. h4 Kf7 48. g4 fxe4+ 49. fxe4 h5 50. g5 Nc4 51. Bf2 Nd6 52. Ba7 Ke8 53. Nb8 (53. Bg1 {looks sharper.} Nc4 54. Bf2 Nd6 55. Be3 Kf7 56. Bg1) 53... Ke7 {[#]} (53... Nxb8 $11 {remains equal.} 54. Bxb8 Nf7) 54. Nxd7 (54. Na6 $1 $16) 54... Kxd7 $16 {KB-KN} 55. Bb8 Nc4 56. Kc3 {And now Kb4 would win.} Kc8 $1 {[%cal Rc8b8]} 57. Ba7 Nd6 58. Kd3 Kd7 59. Bc5 {aiming for Bxd6.} Nb7 (59... Nc4 $1 $11 {and Black stays safe.}) 60. Bb4 $18 Kc7 61. Kc3 Kb6 $2 (61... Kd7 62. Kb3 Ke8) 62. Be7 Kc7 63. Kb4 $2 (63. Bf6 Nc5 64. Bxe5+ Kd7 65. Kd4 Nb3+ 66. Kc3) 63... Kb6 $2 (63... Kd7 64. Bc5 Nd8 65. Kxb5 Nf7) 64. Kc3 $2 {[%mdl 32768] Precision: White = 32%, Black = 22%. . Sensor Board Error (Ke4/e5)?} (64. Bf6 $18 Nd6 65. Bxe5 Nxe4 66. Bf4) 1-0

[Event "RUS-chT Blitz Men 2018"]
[Site "Sochi"]
[Date "2018.10.10"]
[Round "1"]
[White "Bocharov, Ivan"]
[Black "Chos, Alexey"]
[Result "1-0"]
[WhiteElo "2563"]
[BlackElo "2296"]
[Annotator "TA"]
[PlyCount "71"]
[EventDate "2018.10.10"]
[EventType "swiss"]
[EventCountry "RUS"]
[SourceTitle "playchess.com"]
[Source "ChessBase"]
[SourceQuality "1"]

{[%evp 28,70,60,46,73,69,181,190,543,233,398,154,139,137,127,125,143,138,161,148,170,162,150,145,151,146,178,93,410,422,574,561,633,605,735,733,953,947,870,752,985,964,1417,1358,29999]} 1. e4 c5 2. Nf3 d6 3. d4 cxd4 4. Nxd4 Nf6 5. Nc3 a6 6. f3 e6 7. Be3 Be7 8. Qd2 Qc7 9. O-O-O Nbd7 10. g4 {[%cal Bg2g4,Bg4g5][%mdl 32]} Ne5 11. g5 {B80: Sicilian Scheveningen: 6 g3 and 6 Be3, including English Attack} Nfd7 12. f4 {[%cal Bf3f4,Bf4f5][%mdl 32]} (12. Kb1 b5 13. f4 Nc4 14. Bxc4 Qxc4 15. f5 b4 16. Na4 e5 17. b3 Qc7 18. Ne2 a5 {0-1 (50) Lopez Silva,H (2426)-Cruz,C (2553) Antofagasta 2016}) 12... Nc4 13. Bxc4 Qxc4 14. h4 {[%cal Bh2h4,Bh4h5][%mdl 32]} b5 15. a3 {LiveBook: 4 Games} Bb7 16. h5 Nf8 (16... h6 $14) 17. f5 $18 O-O-O $146 (17... Rc8 {is more resistant.} 18. Nb3 Nd7) ({Predecessor:} 17... e5 18. Nb3 Qc7 {1-0 (27) Gaponenko,I (2375)-Wasnetsky,U (2085) Rodewisch 2000}) 18. Nb3 (18. h6 $142) 18... Qc7 $2 (18... Nd7 {was called for.} 19. h6 g6) 19. Qf2 $2 (19. h6 $18 {is the precise move to win.}) 19... Nd7 $16 {[%cal Bf8d7,Bd7e5,Be5c4][%mdl 32]} 20. fxe6 fxe6 21. Qf7 Ne5 22. Qxe6+ Kb8 23. Nd5 Bxd5 24. Qxd5 Rc8 {[%csl Gc8][%cal Rc7c2] [#]} 25. c3 Nc4 26. Bd4 $36 {[%mdl 2048] White has strong initiative.} Rhg8 27. Rhf1 (27. g6 $18 hxg6 28. hxg6) 27... h6 $2 {[%mdl 8192]} (27... Qc6 $16 {is tougher.}) 28. g6 $18 Bf6 29. Bxf6 gxf6 30. Qd4 Rge8 31. Rxf6 Qc6 32. Rf7 {[%csl Gf7][%cal Rd4a7] [#]} Rc7 33. Rxc7 Kxc7 34. g7 Qd7 35. Qa7+ Kc6 36. Nd4# {Precision: White = 60%, Black = 18%.} 1-0

[Event "RUS-chT Blitz Men 2018"]
[Site "Sochi"]
[Date "2018.10.10"]
[Round "1"]
[White "Iljiushenok, Ilia"]
[Black "Kostin, Alexey"]
[Result "0-1"]
[WhiteElo "2539"]
[BlackElo "2253"]
[Annotator "TA"]
[PlyCount "94"]
[EventDate "2018.10.10"]
[EventType "swiss"]
[EventCountry "RUS"]
[SourceTitle "playchess.com"]
[Source "ChessBase"]
[SourceQuality "1"]

{[%evp 13,94,-20,-19,-25,-36,-31,-45,-46,-48,-43,-22,-24,-15,-37,-12,-64,-35,-33,-29,-31,42,-49,-52,-43,-52,-130,-109,-115,-58,-68,-50,-70,-86,-87,-78,-129,-124,-316,-310,-287,-294,-284,-304,-352,-267,-859,-676,-838,-265,-262,-270,-261,-223,-296,-270,-272,-269,-339,-327,-339,-284,-339,-339,-339,-339,-235,-37,-75,0,0,778,0,0,0,0,0,0,0,0,-29990,-29991,-29991,-29992]} 1. Nf3 Nf6 2. g3 b5 3. Bg2 Bb7 4. O-O e6 5. d3 d5 6. e4 Be7 {A05: Übergänge in verschiedene Eröffnungen} 7. e5 (7. Nbd2 O-O 8. Qe2 c5 9. e5 Nfd7 10. c4 a6 11. cxd5 Bxd5 12. Ne4 Nc6 13. Bf4 Rc8 14. Rfe1 Qb6 15. Nc3 Bxf3 16. Qxf3 Nd4 {0-1 (39) Sandipan,C (2567)-Alekseenko,K (2539) St Petersburg 2015 CBM 168 Extra [Alekseenko,K]}) 7... Nfd7 $1 {LiveBook: 7 Partien} 8. d4 c5 {Schwarz hat minimalen Vorteil.} 9. c3 Nc6 10. h4 a5 11. Bg5 $146 ({Vorgänger:} 11. Ng5 h6 12. Nxe6 fxe6 13. Qh5+ Kf8 14. Qg6 cxd4 15. Qxe6 Ncxe5 16. cxd4 {0-1 (37) Zamar Kodelja,J (2098)-Zirkelbach,M (1920) Slovenia 2014}) 11... b4 12. Bxe7 Qxe7 13. Nbd2 O-O 14. Rc1 (14. Re1 $11) 14... bxc3 15. bxc3 Ba6 16. Re1 Rfb8 (16... Nb6 $15) 17. Nf1 ({Günstiger ist} 17. c4 $14) 17... cxd4 $15 18. cxd4 Nb4 {Droht stark ...Sd3.} 19. Re3 (19. Ra1 $15) 19... Nxa2 $17 20. Ra1 Bxf1 (20... Rb2 $17 {Und ...Db4 würde nun gewinnen.} 21. N1d2 Qb4) 21. Bxf1 $15 Nb4 22. Rea3 Qd8 23. Qd2 Nb6 24. h5 (24. Qd1 $142) 24... h6 $17 25. Kg2 $2 (25. Rc3 $17) 25... Nc4 $19 26. Bxc4 dxc4 27. Qc3 Qd5 28. Kh2 Nd3 29. Kg2 $2 (29. Nd2 Nxf2 30. Qxc4) 29... Rb5 30. Ra4 Nb4 $2 (30... Rb2 31. R4a2 Rb3) 31. Kg1 Rc8 32. Nd2 Qc6 33. Rxa5 Rxa5 34. Rxa5 Nd5 35. Qc2 {und nun wäre Tc5 stark für Weiss.} c3 {...Sb4 ist eine echte Drohung.} 36. Rc5 Qa8 37. Ne4 Rxc5 38. Nxc5 Qa1+ 39. Kg2 {Jetzt Db3 und Weiss darf weiter klammern.} Qb2 $2 (39... Nb4 $19 40. Qe4 c2) 40. Qa4 $1 $15 {[%cal Ra4e8] [#] Und weiter mit De8+ wäre nett.} Ne3+ (40... c2 41. Qe8+ Kh7 42. Qxf7 $11) (40... Qb8 $1 $17 41. Qb3 Qa7) 41. Kf3 $11 Nf5 $2 {[%mdl 8192] [#]} (41... Nd1 $11 42. Ne4 (42. Qxd1 $2 c2 $19) 42... Kh7) 42. Qe8+ $2 (42. Qa8+ $1 $18 Kh7 43. Nd7 Nxd4+ 44. Kg2) 42... Kh7 43. Qxf7 Nxd4+ 44. Kg2 Qc2 45. Nd7 {Weiss droht Sf6+ und Matt.} Qe4+ 46. Kh2 $2 {[%mdl 8192]} (46. Kg1 $11 Qa8 47. Nf6+ (47. Nf8+ $2 Qxf8 48. Qxf8 c2 $19) 47... Kh8 48. Ne8 Nf3+ 49. Kf1 Nd2+ 50. Kg1 Nf3+ 51. Kf1 Nd2+ 52. Kg1 Nf3+) 46... Nf3+ 47. Kg2 Ng5+ {Precision: Weiß = 39%, Schwarz = 54%.} 0-1

[Event "RUS-chT Blitz Men 2018"]
[Site "Sochi"]
[Date "2018.10.10"]
[Round "1"]
[White "Sychev, Klementy"]
[Black "Ponomarenko, Alexandr"]
[Result "1-0"]
[WhiteElo "2534"]
[BlackElo "2231"]
[Annotator "TA"]
[PlyCount "71"]
[EventDate "2018.10.10"]
[EventType "swiss"]
[EventCountry "RUS"]
[SourceTitle "playchess.com"]
[Source "ChessBase"]
[SourceQuality "1"]

{[%evp 26,71,45,42,44,8,79,46,122,108,113,85,83,85,230,175,223,158,168,116,153,142,161,157,157,160,156,157,208,199,271,211,288,222,279,260,248,240,305,295,347,347,334,343,417,405,526,290]} 1. e4 c5 2. Nf3 Nc6 3. d4 cxd4 4. Nxd4 Nf6 5. Nc3 e5 6. Ndb5 d6 7. Bg5 a6 8. Na3 b5 9. Bxf6 gxf6 10. Nd5 f5 11. g3 Bg7 12. Bg2 O-O 13. exf5 {B33: Sicilian: Pelikan and Sveshnikov Variations} Bxf5 14. Ne3 {LiveBook: 13 Games} Bd7 (14... Ne7 15. Nxf5 Nxf5 16. Bxa8 Qxa8 17. O-O Nd4 18. f3 d5 19. c3 Ne6 20. Nc2 Rd8 {1-0 (42) Kantans,T (2484)-Klekowski,M (2498) Katowice 2017}) 15. Qxd6 {White is slightly better.} Rc8 (15... Nd4 $1 $11 {remains equal.}) 16. Rd1 (16. O-O-O $5 {[%cal Rd6d7]} Nd4 17. c3 $16 (17. Qxa6 b4 $14)) 16... Be8 $146 (16... Qa5+ $1 $14 17. Qd2 Qxd2+ 18. Rxd2 Be6) ({Predecessor:} 16... Qa5+ 17. Qd2 Rfd8 18. Qxa5 Nxa5 19. c3 Be6 20. Bd5 Bh3 {1-0 (41) Garcia Carbo,M (2316)-Constantino,G Lalin 2000}) 17. Qxd8 Rxd8 18. O-O Nd4 19. c3 Ne6 (19... b4 $16) 20. Nf5 Bf6 21. Nc2 $36 {[%mdl 2048] Black is under strong pressure.} Bd7 22. Nce3 (22. Rd6 $18) 22... Nc7 23. Ng4 Bxf5 24. Nh6+ Kh8 {[#] White must now prevent ...Be6.} 25. Nxf5 Ne6 26. Bd5 Nc7 (26... Nc5 $16 27. b3 Rd7) 27. Bb3 $18 h5 (27... a5 $142 28. Nd6 Kg7) 28. h4 Kh7 29. Nd6 Kg6 30. Bc2+ Kg7 31. Rd2 Ne8 32. Nf5+ Kg8 33. Rxd8 Bxd8 34. Rd1 Bf6 35. Rd7 Ng7 36. Nh6+ {Precision: White = 78%, Black = 26%.} 1-0

[Event "RUS-chT Blitz Men 2018"]
[Site "Sochi"]
[Date "2018.10.10"]
[Round "1"]
[White "Khanin, Semen"]
[Black "Alexeev, Alexey"]
[Result "1-0"]
[WhiteElo "2510"]
[BlackElo "2287"]
[Annotator "TA"]
[PlyCount "55"]
[EventDate "2018.10.10"]
[EventType "swiss"]
[EventCountry "RUS"]
[SourceTitle "playchess.com"]
[Source "ChessBase"]
[SourceQuality "1"]

{[%evp 14,55,8,14,68,68,72,70,88,93,68,111,92,72,85,35,41,47,122,121,118,130,122,114,160,157,145,144,309,112,120,114,533,529,522,522,522,522,522,456,510,518,454,454]} 1. e4 e5 2. Nf3 Nc6 3. Bc4 Bc5 4. O-O Nf6 5. d3 d6 6. c3 a6 7. Bg5 {C54: Giuoco Piano: 4 c3 Nf6, main lines with 5 d4 and 5 d3} (7. Re1 h6 8. b4 Ba7 9. a4 O-O 10. Nbd2 Re8 11. Nf1 Be6 12. Bxe6 Rxe6 13. Ng3 Ne7 14. d4 Ng6 {½-½ (38) Aronian,L (2767)-Carlsen,M (2842) Saint Louis 2018}) 7... h6 8. Bh4 {LiveBook: 14 Games} b5 $146 (8... g5 $11 9. Bg3 b5) ({Predecessor:} 8... Ba7 9. Nbd2 g5 10. Bg3 Be6 11. Bxe6 fxe6 12. d4 exd4 13. e5 dxe5 14. Nxe5 Nxe5 15. Bxe5 {0-1 (37) Mamedov,R (2678)-Swiercz,D (2636) Atlantic City 2016}) 9. Bd5 $1 $14 {[%cal Rd5c6] White is slightly better.} Bd7 10. d4 $1 {[%cal Rd4c5]} Bb6 11. dxe5 dxe5 12. a4 {aiming for axb5.} Rb8 13. axb5 (13. Bxc6 {with more complications.} Bxc6 14. Nxe5 Bxe4 15. Qe2 O-O 16. Rd1) 13... axb5 14. Bxc6 Bxc6 15. Nxe5 Qxd1 (15... Bxe4 $14 16. Qe2 g5) 16. Rxd1 $16 Bxe4 {[#]} 17. Re1 $1 {Black must now prevent Bxf6.} g5 18. Nd2 {Nc6 is the strong threat.} gxh4 19. Nxe4 Nxe4 20. Rxe4 {Threatens to win with Nc6+.} f5 $2 {[#]} (20... O-O $16 {keeps fighting.} 21. Rg4+ (21. Rxh4 Rbd8 $16) 21... Kh8 22. Rxh4 Rbd8) 21. Re2 $2 ({Less strong is} 21. Rxh4 Rd8 $16) (21. Ree1 $1 $18 {is the precise move to win.}) 21... O-O 22. Nd7 $36 {[%mdl 2048] White has strong initiative.} Rfe8 $2 {[%mdl 8192]} (22... Ra8 $16 {is more resistant.} 23. Rb1 Rfd8 24. Nxb6 Ra6) 23. Nf6+ {White is clearly winning.} Kf7 24. Nxe8 Rxe8 25. Rxe8 Kxe8 26. Kf1 Kf7 27. Ke2 Ke6 28. Ra8 {Precision: White = 61%, Black = 30%.} 1-0

[Event "RUS-chT Blitz Men 2018"]
[Site "Sochi"]
[Date "2018.10.10"]
[Round "1"]
[White "Kozionov, Kirill"]
[Black "Mamedov, Elmin"]
[Result "1-0"]
[WhiteElo "2458"]
[BlackElo "2210"]
[Annotator "TA"]
[PlyCount "81"]
[EventDate "2018.10.10"]
[EventType "swiss"]
[EventCountry "RUS"]
[SourceTitle "playchess.com"]
[Source "ChessBase"]
[SourceQuality "1"]

{[%evp 21,80,26,59,8,3,24,7,0,0,0,0,0,0,0,8,0,0,0,6,0,41,43,72,0,0,-7,0,0,0,-35,55,8,5,13,124,117,240,159,384,192,550,566,622,624,702,688,877,914,904,878,1506,1439,2086,1579,2275,2090,3322,886,887,885,29999]} 1. d4 Nf6 2. c4 c5 3. d5 e6 4. Nc3 exd5 5. cxd5 d6 6. Nf3 g6 7. Bf4 a6 8. Nd2 b5 {[%cal Bb7b5,Bb5b4][%mdl 32] A61: Modern Benoni: Nf3 without early e4} 9. a4 b4 10. Nce4 Nxe4 (10... Nh5 11. Be3 f5 12. g4 Nf6 13. gxf5 Nxe4 14. Nxe4 Bxf5 15. Ng3 Qf6 16. Qd2 {1-0 (34) Sargissian,G (2667)-Ponomariov,R (2709) chess.com INT 2017}) 11. Nxe4 Be7 {LiveBook: 8 Games} 12. e3 ({White should play} 12. h4 $1 $14) 12... f5 $11 13. Nd2 O-O {aiming for ...g5.} 14. Bh6 $146 ({Predecessor:} 14. h3 Nd7 15. Nc4 Nb8 16. Nd2 {½-½ (44) Fernandez Romero,E (2468)-Kovacevic,S (2347) Roquetas de Mar 2014}) 14... Re8 15. Nc4 Nd7 {[%cal Bb8d7,Bd7f6,Bf6e4][%mdl 32]} 16. a5 Nf6 17. Be2 Bb7 18. Bf3 Bf8 19. Bf4 Ne4 {[#] Strongly threatening ...g5.} 20. h4 Qf6 21. Qd3 Rad8 22. Rd1 (22. g4 $16) 22... h6 23. Kf1 g5 24. hxg5 hxg5 25. Bh2 g4 (25... Rd7 $15) 26. Bxe4 fxe4 27. Qe2 Bc8 (27... Qf5 $11) 28. Bg3 Bg7 (28... Bd7 $16) 29. Kg1 Rd7 $2 (29... Bf5 $16 {is a better defense.} 30. Bh4 Qg6) 30. Rd2 (30. Qxg4 $142 Rf7 31. Qh5) 30... Rf7 $2 (30... Qg6 {is a better chance.} 31. Nb6 Ra7) 31. Nxd6 $18 Ref8 32. Nxf7 Rxf7 33. d6 Bd7 34. Qxa6 Qe6 35. Qa8+ Bf8 36. a6 Qa2 37. Rd1 Qxb2 38. Qxe4 Bf5 39. Qe5 Qxe5 40. Bxe5 {[%csl Ge5][%cal Rh1h8] [#]} Bc8 41. Rh8# {Precision: White = 48%, Black = 25%.} 1-0

[Event "RUS-chT Blitz Men 2018"]
[Site "Sochi"]
[Date "2018.10.10"]
[Round "1"]
[White "Gutenev, Alexander"]
[Black "Basiev, Valeriy P."]
[Result "1-0"]
[WhiteElo "2456"]
[BlackElo "1990"]
[Annotator "TA"]
[PlyCount "59"]
[EventDate "2018.10.10"]
[EventType "swiss"]
[EventCountry "RUS"]
[SourceTitle "playchess.com"]
[Source "ChessBase"]
[SourceQuality "1"]

{[%evp 27,59,41,45,0,385,392,490,484,485,470,481,339,343,278,309,296,416,421,411,410,452,439,576,552,596,598,601,595,961,946,939,940,906,894]} 1. e4 e6 2. d4 d5 3. Nc3 Bb4 4. e5 Ne7 5. a3 Bxc3+ 6. bxc3 c5 7. Qg4 Qc7 8. Bd3 cxd4 9. Ne2 dxc3 10. Qxg7 Rg8 11. Qxh7 Nbc6 12. Bf4 {[%cal Bc1f4,Bf4g3,Bg3e5][%mdl 32]} Bd7 13. Bg3 O-O-O 14. O-O Nxe5 {LiveBook: 25 Games} 15. Nd4 {[%cal Be2d4,Bd4f3,Bf3e5][%mdl 32] [#] C18: French: 3 Nc3 Bb4: Main line: 7 h4 and 7 Qg4} Rh8 $146 {[%mdl 8192] [#]} (15... N7c6 $11 {and Black is okay.} 16. Nb5 Qb8) ({Predecessor:} 15... Rxg3 16. hxg3 Qc5 17. Nb3 Qd6 18. Rfe1 a6 19. Qg7 N7c6 20. Rad1 Qf8 21. Qxf8 Rxf8 22. Bf1 b5 {½-½ (42) Maiorov,O (2435)-Shulman,Y (2555) Minsk 1997}) 16. Qg7 $18 Rdg8 17. Qxe5 Qxe5 18. Bxe5 Rh5 19. Nf3 Ng6 20. Bxg6 Rxg6 21. Bxc3 Rh7 (21... f6 {is a better defense.} 22. Rad1 Kb8) 22. Ne5 Rgh6 23. h3 Be8 24. Bd4 {White is clearly winning.} f6 25. Ng4 Rh4 26. Nxf6 Re7 27. Bc5 Kd8 28. Bxe7+ Kxe7 29. Nxe8 Kxe8 30. Rfe1 1-0

[Event "RUS-chT Blitz Men 2018"]
[Site "Sochi"]
[Date "2018.10.10"]
[Round "1"]
[White "Usmanov, Vasily"]
[Black "Borisova, Ekaterina"]
[Result "1-0"]
[WhiteElo "2453"]
[BlackElo "2256"]
[Annotator "TA"]
[PlyCount "71"]
[EventDate "2018.10.10"]
[EventType "swiss"]
[EventCountry "RUS"]
[SourceTitle "playchess.com"]
[Source "ChessBase"]
[SourceQuality "1"]

{[%evp 18,71,23,32,53,51,37,42,50,49,57,56,63,49,62,57,56,41,53,35,164,120,163,151,151,125,152,68,155,157,165,166,183,181,177,172,197,197,199,189,216,87,114,108,260,156,436,428,385,424,458,439,434,438,643,602]} 1. d4 d5 2. c4 c6 3. Nf3 Nf6 4. Qc2 g6 5. Bf4 Bg7 6. e3 Bf5 7. Bd3 Bxd3 8. Qxd3 O-O 9. Nc3 dxc4 {D93: Grünfeld: 4 Nf3 Bg7 5 Bf4 0-0 6 e3} (9... Nbd7 10. O-O e6 11. h3 Re8 12. Rfd1 Qa5 13. b4 Qxb4 14. cxd5 Nxd5 15. Nxd5 cxd5 16. Rab1 Qa4 17. Rxb7 {1-0 (40) Bu,X (2676)-Malakhov,V (2732) Ningbo 2010}) 10. Qxc4 {LiveBook: 5 Games} b5 $146 ({Predecessor:} 10... Nbd7 11. O-O Nb6 12. Qb3 Nfd5 13. Be5 Nxc3 14. bxc3 Qd5 15. Bxg7 Kxg7 16. Rfc1 Qxb3 17. axb3 Rfd8 18. c4 a6 19. Kf1 Rac8 20. Ke2 f6 21. Rd1 Kf7 {½-½ (21) Kukhmazov,A (2393)-Deviatkin,A (2508) Moscow 2016}) 11. Qb3 Nbd7 {White is slightly better.} 12. O-O Nh5 13. Bg5 h6 14. Bh4 g5 15. Bg3 $1 Nxg3 16. hxg3 {[%cal Bh2g3,Bg3g4][%mdl 32]} a5 17. a4 b4 18. Ne4 Kh7 (18... g4 $14) 19. g4 e6 20. Rac1 Rc8 21. Rfd1 Qe7 22. Ng3 (22. Nc5 $16) 22... Nf6 (22... c5 $1 $14) 23. Rc5 $40 {[%mdl 128] White is out for blood.} Nxg4 24. Rxa5 Nf6 25. Rc1 Nd5 26. Rac5 Qb7 27. Ne4 {Black must now prevent Nd6.} Rfd8 28. Qc2 {White threatens Nf6+ and mate.} f5 {[#]} 29. Ned2 (29. Nfxg5+ $1 $18 {[%mdl 512] has better winning chances.} hxg5 30. Nxg5+ Kg8 31. Nxe6) 29... g4 30. Ne1 Nf6 $2 (30... g3 $16) 31. Nd3 {[%cal Rc5c6]} Nd7 $2 (31... g3 $16) 32. Rxc6 $18 Rxc6 33. Qxc6 Qb6 {White is clearly winning.} 34. Qxb6 Nxb6 35. a5 Na4 (35... Nd5 $142 36. Nb3 g3) 36. Ra1 {Precision: White = 54%, Black = 35%.} 1-0